Central Library OPAC University of Rajshahi

Chalmer's Sale of goods act, 1893, including the Factors acts, 1889 & 1890. (Record no. 4680)

MARC details
000 -LEADER
fixed length control field 01103cam a2200313u 4500
001 - CONTROL NUMBER
control field 4680
003 - CONTROL NUMBER IDENTIFIER
rucl marc code BD-RjUL
005 - DATE AND TIME OF LATEST TRANSACTION
control field 20211208233933.0
008 - FIXED-LENGTH DATA ELEMENTS--GENERAL INFORMATION
fixed length control field 131223s1945 enk 000 0 eng
035 ## - SYSTEM CONTROL NUMBER
System control number (BD-RjUL)4715
040 ## - CATALOGING SOURCE
Original cataloging agency DLC
Transcribing agency DLC
Modifying agency DLC
-- BD-RjUL
Language of cataloging eng
041 ## - LANGUAGE CODE
Language code of text/sound track or separate title eng
082 04 - DEWEY DECIMAL CLASSIFICATION NUMBER
Edition number 20
Classification number 347.7
Author mark and year CHC 1945
100 1# - MAIN ENTRY--PERSONAL NAME
Personal name Chalmers, Mackenzie Dalzell Edwin Stewart,
Dates associated with a name 1847-1927,
9 (RLIN) 14751
245 10 - TITLE STATEMENT
Title Chalmer's Sale of goods act, 1893, including the Factors acts, 1889 & 1890.
Statement of responsibility, etc. By Ralph Sutton ... and N. P. Shannon ...
250 ## - EDITION STATEMENT
Edition statement 12th ed.
260 ## - PUBLICATION, DISTRIBUTION, ETC. (IMPRINT)
Place of publication, distribution, etc. London :
Name of publisher, distributor, etc. Butterworth & co., ltd.,
Date of publication, distribution, etc. 1945.
300 ## - PHYSICAL DESCRIPTION
Pagination 274 p. ;
Size 22 cm.
504 ## - BIBLIOGRAPHY, ETC. NOTE
Bibliography, etc Includes index.
650 #0 - SUBJECT ADDED ENTRY--TOPICAL TERM
Topical term or geographic name as entry element Sales
Geographic subdivision Great Britain.
9 (RLIN) 14459
Topical term or geographic name as entry element Commission merchants
Geographic subdivision Great Britain.
9 (RLIN) 14752
700 1# - ADDED ENTRY--PERSONAL NAME
Personal name Sutton, Ralph,
Dates associated with a name 1881-1960,
Relator term ed.
Personal name Shannon, N. P.
Fuller form of name (Norman Pasquilla),
Relator term joint ed.
710 1# - ADDED ENTRY--CORPORATE NAME
Corporate name or jurisdiction name as entry element Great Britain.
Form subheading Laws, statutes, etc. [from old catalog]
9 (RLIN) 7580
942 ## - ADDED ENTRY ELEMENTS (KOHA)
Source of classification or shelving scheme Dewey Decimal Classification
Koha item type Books
Holdings
Lost status Source of classification or shelving scheme Damaged status Not for loan Permanent Location Current Location Shelving location Date acquired Source of acquisition Cost, normal purchase price Total Checkouts Full call number Date last seen Copy number Koha item type
  Dewey Decimal Classification     Central Library, University of Rajshahi Central Library, University of Rajshahi   12/12/1955 Allis Book Cor. 17.10   347.7 CHC 1945 23/12/2013 C-1 Books